00993nam a2200277 i 45000010005000000030009000050050017000140070003000310080041000340200018000750800031000930800020001241000029001442450120001732500017002932600032003103000022003424900024003646500047003886500046004357000036004818300029005178520032005469990015005789520122005935898ES-MaACL20250813062707.0t|890613s1983 sp |||| |dspa d a84-206-3083-7 a929 Carande Tovar, Ramón a929(460)"18/19"1 aCarande, Ramón.93495210aGalería de raros atribuídos a Regino Escaro de Nogal / cRamón Carande ; prólogo de Rafael Pérez Delgado. a2ª ed. rev. aMadrid : bAlianza, c1983. a376 p. ; c20 cm.1 aAlianza tres ; v8314aEspañoles-yS.XIX-xBiografías.91247804aEspañoles-yS.XX-xBiografías.9124801 aPérez Delgado, Rafael.99082900aAlianza tresv839177344 aES-MaACLjL-13012 z- rust. c5898d5898 00104070aATENEOMbATENEOMcDEPO2d2008-01-17eSCl0oL-13012p1005993r2023-02-23 00:00:00w2023-02-23yMONOGRAFIA